000
00297nam a22001337a 4500
008
170809b xxu||||| |||| 00| 0 eng d
020
_a
9780072125573
041
_a
eng
080
_a
004
100
_a
35
101
_a
SHK
245
_a
ROUTING PROFESSIONAL REFERENCE
_c
LEWIS,C
942
_2
udc
_c
BK
999
_c
22948
_d
22948